Adversaires du Brésil en Coupe du Monde depuis 1930 - Statistiques

Statistiques générales
  • Ce quiz a été pris 155 fois
  • Le résultat moyen est 97 sur 108
Statistiques - réponses
Date Année Ville Tour Adversaire Score % Correct
24/06 1958 Solna Demi-finale France 2-5
100%
21/06 1986 Guadalajara Quart de finale France 1-1(3-4(tab))
100%
12/07 1998 Saint-Denis Finale France 0-3
100%
01/07 2006 Francfort-sur-le-Main Quart de finale France 0-1
100%
16/07 1950 Rio de Janeiro Finale Uruguay 1-2
99%
17/06 1970 Guadalajara Demi-finale Uruguay 1-3
99%
30/06 2002 Yokohama Finale Allemagne 0-2
98%
08/07 2014 Belo Horizonte Demi-finale Allemagne 1-7
98%
11/06 1958 Göteborg Premier tour Angleterre 0-0
98%
10/06 1962 Viña del Mar Quart de finale Angleterre 3-1
98%
07/06 1970 Guadalajara Premier tour Angleterre 1-0
98%
21/06 2002 Shizuoka Quart de finale Angleterre 1-2
98%
30/06 1974 Hanovre Second tour Argentine 1-2
98%
18/06 1978 Rosario Second tour Argentine 0-0
98%
02/07 1982 Barcelone Second tour Argentine 1-3
98%
24/06 1990 Turin Huitième de finale Argentine 0-1
98%
17/06 2002 Kobe Huitième de finale Belgique 2-0
98%
06/07 2018 Kazan Quart de finale Belgique 1-2
98%
04/07 1994 Stanford Huitième de finale Etats-Unis 1-0
98%
22/06 2006 Dortmund Premier tour Japon 1-4
98%
24/06 1950 Rio de Janeiro Premier tour Mexique 4-0
98%
16/06 1954 Genève Premier tour Mexique 5-0
98%
30/05 1962 Viña del Mar Premier tour Mexique 2-0
98%
17/06 2014 Fortaleza Premier tour Mexique 0-0
98%
02/07 2018 Samara Huitième de finale Mexique 2-0
98%
19/07 1966 Liverpool Premier tour Portugal 3-1
98%
25/06 2010 Durban Premier tour Portugal 0-0
98%
19/06 1938 Bordeaux Petite finale Suède 4-2
98%
09/07 1950 Rio de Janeiro Poule finale Suède 7-1
98%
28/06 1958 Solna Finale Suède 2-5
98%
03/06 1978 Mar del Plata Premier tour Suède 1-1
98%
10/06 1990 Turin Premier tour Suède 2-1
98%
28/06 1994 Pontiac Premier tour Suède 1-1
98%
13/07 1994 Pasadena Demi-finale Suède 0-1
98%
13/06 1962 Santiago Demi-finale Chili 2-4
97%
27/06 1998 Paris Huitième de finale Chili 4-1
97%
28/06 2010 Johannesbourg Huitième de finale Chili 3-0
97%
28/06 2014 Belo Horizonte Huitième de finale Chili 1-1(3-2(tab))
97%
27/05 1934 Gênes Huitième de finale Espagne 3-1
96%
13/07 1950 Rio de Janeiro Poule finale Espagne 6-1
96%
06/06 1962 Viña del Mar Premier tour Espagne 2-1
96%
07/06 1978 Mar del Plata Premier tour Espagne 0-0
96%
01/06 1986 Guadalajara Premier tour Espagne 1-0
96%
16/06 1938 Marseille Demi-finale Italie 2-1
96%
21/06 1970 Mexico Finale Italie 4-1
96%
24/06 1978 Buenos Aires Petite finale Italie 2-1
96%
05/07 1982 Barcelone Second tour Italie 3-2
96%
17/07 1994 Pasadena Finale Italie 0-0(3-2(tab))
96%
03/07 1974 Dortmund Second tour Pays-Bas 2-0
95%
09/07 1994 Dallas Quart de finale Pays-Bas 3-2
95%
07/07 1998 Marseille Demi-finale Pays-Bas 1-1(4-2(tab))
95%
02/07 2010 Port Elizabeth Quart de finale Pays-Bas 2-1
95%
12/07 2014 Brasilia Petite finale Pays-Bas 0-3
95%
20/06 1994 Palo Alto Premier tour Russie 2-0
95%
04/07 2014 Fortaleza Quart de finale Colombie 2-1
94%
24/06 1994 Palo Alto Premier tour Cameroun 3-0
93%
23/06 2014 Brasilia Premier tour Cameroun 1-4
93%
23/06 1998 Marseille Premier tour Norvège 1-2
93%
28/06 1950 São Paulo Premier tour Suisse 2-2
93%
17/06 2018 Rostov-sur-le-Don Premier tour Suisse 1-1
93%
06/06 1986 Guadalajara Premier tour Algérie 1-0
92%
08/06 1958 Uddevalla Premier tour Autriche 3-0
92%
11/06 1978 Mar del Plata Premier tour Autriche 1-0
92%
13/06 2006 Berlin Premier tour Croatie 1-0
92%
12/06 2014 São Paulo Premier tour Croatie 3-1
92%
05/06 1938 Strasbourg Huitième de finale Pologne 6-5(ap)
91%
06/07 1974 Munich Petite finale Pologne 0-1
91%
21/06 1978 Mendoza Second tour Pologne 3-1
91%
16/06 1986 Guadalajara Huitième de finale Pologne 4-0
91%
18/06 2006 Munich Premier tour Australie 2-0
90%
03/07 1998 Nantes Quart de finale Danemark 3-2
90%
16/06 1998 Nantes Premier tour Maroc 3-0
90%
03/06 2002 Ulsan Premier tour Turquie 2-1
89%
26/06 2002 Saitama Demi-finale Turquie 1-0
89%
27/06 1954 Berne Quart de finale Hongrie 2-4
88%
15/07 1966 Liverpool Premier tour Hongrie 3-1
88%
14/07 1930 Montevideo Premier tour Yougoslavie 2-1
87%
01/07 1950 Rio de Janeiro Premier tour Yougoslavie 2-0
87%
19/06 1954 Lausanne Premier tour Yougoslavie 1-1(ap)
87%
13/06 1974 Francfort-sur-le-Main Premier tour Yougoslavie 0-0
87%
27/06 2018 Moscou Premier tour Serbie 0-2
85%
12/06-14/06 1938 Bordeaux Quart de finale Tchécoslovaquie 1-1-2-1
84%
02/06 1962 Viña del Mar Premier tour Tchécoslovaquie 0-0
84%
17/06 1962 Santiago Finale Tchécoslovaquie 3-1
84%
03/06 1970 Guadalajara Premier tour Tchécoslovaquie 4-1
84%
08/06 2002 Seogwipo Premier tour Chine 4-0
83%
15/06 1958 Göteborg Premier tour URSS 2-0
82%
14/06 1982 Séville Premier tour URSS 2-1
82%
14/06 1970 Guadalajara Quart de finale Pérou 4-2
81%
14/06 1978 Mendoza Second tour Pérou 3-0
81%
16/06 1990 Turin Premier tour Costa Rica 1-0
80%
13/06 2002 Suwon Premier tour Costa Rica 5-2
80%
22/06 2018 Saint-Pétersbourg Premier tour Costa Rica 2-0
80%
18/06 1974 Francfort-sur-le-Main Premier tour Ecosse 0-0
79%
18/06 1982 Séville Premier tour Ecosse 4-1
79%
20/06 1990 Turin Premier tour Ecosse 1-0
79%
10/06 1998 Saint-Denis Premier tour Ecosse 2-1
79%
15/06 2010 Johannesbourg Premier tour Corée du Nord 2-1
78%
23/06 1982 Séville Premier tour Nouvelle-Zélande 4-0
78%
20/07 1930 Montevideo Premier tour Bolivie 4-0
76%
20/06 2010 Johannesbourg Premier tour Côte d'ivoire 3-1
75%
12/07 1966 Liverpool Premier tour Bulgarie 2-0
72%
27/06 2006 Dortmund Huitième de finale Ghana 3-0
72%
10/06 1970 Guadalajara Premier tour Roumanie 3-2
69%
26/06 1974 Hanovre Second tour Allemagne de l'Est 1-0
67%
12/06 1986 Guadalajara Premier tour Irlande du Nord 3-0
67%
19/06 1958 Göteborg Quart de finale Pays de Galles 1-0
67%
22/06 1974 Gelsenkirchen Premier tour Zaïre 0-3
35%
Aucun quiz correspondant
Distribution des résultats
% des personnes avec chaque résultat
Percentile par nombre de réponses
Votre historique - résultats
Vous n’avez pas pris ce quiz